Die Eroberung von Konstantinopel 1453
Saved in:
| Main Author: | |
|---|---|
| Format: | Book |
| Language: | German |
| Published: |
Munchen :
Verlag C.H. Beck,
1964
|
| Subjects: | |
| Tags: |
Add Tag
No Tags, Be the first to tag this record!
|
MARC
| LEADER | 00000cam a2200000 i 4500 | ||
|---|---|---|---|
| 001 | 1/44357 | ||
| 008 | 961108s1966 ger d | ||
| 020 | |a 3-406-02528-5 | ||
| 035 | |l 10025953 | ||
| 040 | |a GR-MY-UA |b gre |e aacr | ||
| 041 | 0 | |a ger | |
| 082 | 0 | |a 938.389 | |
| 100 | 1 | |a Runciman, Steven, |d 1903-2000. | |
| 245 | 1 | 4 | |a Die Eroberung von Konstantinopel 1453 / |c Steven Runciman |
| 260 | |a Munchen : |b Verlag C.H. Beck, |c 1964 | ||
| 300 | |a 266 p.; |b ill.; |c 21 cm | ||
| 500 | |a Includes index | ||
| 651 | 0 | |a Istanbul (Turkey) |x History |y Siege, 1453. | |
| 852 | |a INST |b CHIOS |e 19961108 |h 938.389 RUN |p 005200017916 |q 005200017916 |t BK |y 0 | ||
| 901 | |a BIBL2-2000-2 | ||
| 909 | |a Χ |b 047839 | ||
| 970 | |z 2000/09/ΔΕΜΕΝΑΓΑΣ | ||